<?xml version="1.0" encoding="UTF-8"?><?xml-stylesheet type="text/xsl" href="static/style.xsl"?><OAI-PMH xmlns="http://www.openarchives.org/OAI/2.0/" xmlns:xsi="http://www.w3.org/2001/XMLSchema-instance" xsi:schemaLocation="http://www.openarchives.org/OAI/2.0/ http://www.openarchives.org/OAI/2.0/OAI-PMH.xsd"><responseDate>2026-04-13T03:08:18Z</responseDate><request verb="GetRecord" identifier="oai:www.recercat.cat:10459.1/71958" metadataPrefix="marc">https://recercat.cat/oai/request</request><GetRecord><record><header><identifier>oai:recercat.cat:10459.1/71958</identifier><datestamp>2024-12-05T21:31:31Z</datestamp><setSpec>com_2072_3622</setSpec><setSpec>col_2072_479130</setSpec></header><metadata><record xmlns="http://www.loc.gov/MARC21/slim" xmlns:dcterms="http://purl.org/dc/terms/" xmlns:xsi="http://www.w3.org/2001/XMLSchema-instance" xmlns:doc="http://www.lyncode.com/xoai" xsi:schemaLocation="http://www.loc.gov/MARC21/slim http://www.loc.gov/standards/marcxml/schema/MARC21slim.xsd">
   <leader>00925njm 22002777a 4500</leader>
   <datafield ind2=" " ind1=" " tag="042">
      <subfield code="a">dc</subfield>
   </datafield>
   <datafield ind2=" " ind1=" " tag="720">
      <subfield code="a">Jové i Vidal, Leonard</subfield>
      <subfield code="e">author</subfield>
   </datafield>
   <datafield ind2=" " ind1=" " tag="260">
      <subfield code="c">2021-04-23T10:53:54Z</subfield>
   </datafield>
   <datafield ind2=" " ind1=" " tag="260">
      <subfield code="c">2021-04-23T10:53:54Z</subfield>
   </datafield>
   <datafield ind2=" " ind1=" " tag="260">
      <subfield code="c">2021-03-18</subfield>
   </datafield>
   <datafield ind2=" " ind1=" " tag="520">
      <subfield code="a">Aquesta tesi explica la formació i el desenvolupament de la companyia de bombers&#xd;
de la ciutat de Lleida, un procés que comprèn des de la segona meitat del segle xix i&#xd;
fins al darrer quart del xx. Es tracta d’una investigació que, per tal d’aprofundir en la&#xd;
totalitat de l’objecte d’estudi, s’ha plantejat des de dues perspectives diferents que&#xd;
resulten, però, complementàries.&#xd;
En primer lloc, s’ha caracteritzat la vessant institucional on s’inclou l’anàlisi del&#xd;
finançament i la conjuntura política que ha sustentat el cos, els reglaments que l’han&#xd;
organitzat, el personal que l’ha format, els recursos materials que ha disposat i els&#xd;
serveis que ha prestat. En segon lloc, s’ha situat la companyia en l’entorn social de&#xd;
cada conjuntura històrica, presentant-la com una nova i necessària eina d’afermament&#xd;
de la seguretat pública que creixia en conjunció amb altres polítiques de caire&#xd;
cívic com l’higienisme i un nou urbanisme. Tot plegat, desenvolupat en el context de&#xd;
transformació urbana que va significar el pas des d’una ciutat d’Antic Règim a una&#xd;
nova urbs burgesa amb estructures pensades per a possibilitar l’expansió del capitalisme.&#xd;
Ben entrat el segle xx –sobretot a partir de la segona meitat de la centúria–,&#xd;
el servei d’extinció d’incendis evoluciona cap a noves funcions que complementen&#xd;
la protecció ciutadana tradicional i que el situen en l’àmbit del benestar social. La&#xd;
fonamentació heurística del treball se centra en el buidat de fonts procedents dels&#xd;
arxius locals, majoritàriament de l’arxiu de la Paeria de Lleida i en fonts d’hemeroteca&#xd;
relacionades amb cada fase cronològica del treball .</subfield>
   </datafield>
   <datafield ind2=" " ind1=" " tag="520">
      <subfield code="a">Esta tesis explica la formación y el desarrollo de la compañía de bomberos de la&#xd;
ciudad de Lleida, un proceso que comprende desde la segunda mitad del siglo xix&#xd;
hasta el último cuarto del xx. Se trata de una investigación que, con la intención&#xd;
de profundizar en la totalidad del objeto de estudio, se ha planteado desde dos&#xd;
perspectivas diferentes pero que resultan complementarias.&#xd;
En primer lugar, se ha caracterizado la vertiente institucional donde se incluye el&#xd;
análisis financiero y la coyuntura política que ha sustentado al cuerpo, los reglamentos&#xd;
que lo han organizado, el personal que lo ha formado, los recursos materiales&#xd;
de los que ha dispuesto y los servicios que ha prestado. En segundo lugar, se ha&#xd;
situado la compañía en el entorno social de cada coyuntura histórica, presentándola&#xd;
como una nueva y necesaria herramienta de afianzamiento de la seguridad pública&#xd;
que crecía en conjunción con otras políticas de cariz cívico como el higienismo y un&#xd;
nuevo urbanismo. Todo ello, desarrollado en el contexto de transformación urbana&#xd;
que significó el paso desde una ciudad de Antiguo Régimen a una nueva urbe burguesa&#xd;
con estructuras pensadas en hacer posible la expansión del capitalismo. Ya&#xd;
avanzado el siglo xx –sobretodo a partir de la segunda mitad de la centuria–, el servicio&#xd;
de extinción de incendios evoluciona hacia nuevas funciones que complementan&#xd;
la protección ciudadana tradicional y que lo sitúan en el ámbito del bienestar social.&#xd;
La fundamentación heurística del trabajo se basa en el vaciado de fuentes procedentes&#xd;
de archivos locales, mayoritariamente del archivo de la Paeria de Lleida y en&#xd;
fuentes de hemeroteca relacionadas con cada fase cronológica del trabajo.</subfield>
   </datafield>
   <datafield ind2=" " ind1=" " tag="520">
      <subfield code="a">This thesis tells us about the formation and development of Lleida’s fire brigade,&#xd;
a process which takes in from the nineteenth century second half till the twentieth&#xd;
century final years. It is a research that, in order to go deeply into the subject of study&#xd;
itself, has been proposed from two different, but supplementary, approaches.&#xd;
Firstly, it distinguishes the institutional viewpoint which includes the financial analysis&#xd;
and the political situation which has held up the brigade, the regulation applied to&#xd;
organize it, its crew, material resources that have been used, as well as the service&#xd;
offered. Secondly, the brigade has been part of the social background during each&#xd;
historical situation, being considered as a new and necessary tool to strengthen&#xd;
public security and which has grown along other public spirited policies such as hygienism&#xd;
and new urban development. All together, it developed in a context of town&#xd;
planning transformation which led an Old Regime town into a new middle class town,&#xd;
whose structures were thought to enable capitalism to spread. Well into the twentieth&#xd;
century- mainly from the second half onward- the fire-extinguishing service takes up&#xd;
new functions which round off the traditional citizenship protection and advances into&#xd;
the social welfare field.&#xd;
The heuristic groundwork of this essay is based on the analysis of sources from local&#xd;
archives, mainly those of the Paeria in Lleida (townhall), but also newspapers and&#xd;
periodical archives concerning each one of the chronological periods shown in this&#xd;
work.</subfield>
   </datafield>
   <datafield ind1="8" ind2=" " tag="024">
      <subfield code="a">http://hdl.handle.net/10459.1/71958</subfield>
   </datafield>
   <datafield tag="653" ind2=" " ind1=" ">
      <subfield code="a">Seguretat pública</subfield>
   </datafield>
   <datafield tag="653" ind2=" " ind1=" ">
      <subfield code="a">Bombers</subfield>
   </datafield>
   <datafield tag="653" ind2=" " ind1=" ">
      <subfield code="a">Història de Lleida</subfield>
   </datafield>
   <datafield tag="653" ind2=" " ind1=" ">
      <subfield code="a">Seguridad pública</subfield>
   </datafield>
   <datafield tag="653" ind2=" " ind1=" ">
      <subfield code="a">Bomberos</subfield>
   </datafield>
   <datafield tag="653" ind2=" " ind1=" ">
      <subfield code="a">Història de Lleida</subfield>
   </datafield>
   <datafield tag="653" ind2=" " ind1=" ">
      <subfield code="a">Public security</subfield>
   </datafield>
   <datafield tag="653" ind2=" " ind1=" ">
      <subfield code="a">Fire Brigade</subfield>
   </datafield>
   <datafield tag="653" ind2=" " ind1=" ">
      <subfield code="a">History of Lleida</subfield>
   </datafield>
   <datafield tag="653" ind2=" " ind1=" ">
      <subfield code="a">Història Contemporània</subfield>
   </datafield>
   <datafield tag="653" ind2=" " ind1=" ">
      <subfield code="a">94</subfield>
   </datafield>
   <datafield ind2="0" ind1="0" tag="245">
      <subfield code="a">Seguretat pública, higienisme i benestar social. El procés històric de formació del cos de bombers de Lleida, 1840-1975</subfield>
   </datafield>
</record></metadata></record></GetRecord></OAI-PMH>